000 01247nam a22003377a 4500
003 CHAP
005 20220329143840.0
008 120117s2011 mx r 00010 spa d
010 _a102747
011 _a103719
035 _a114408
040 _cCHAP
090 _aTesis
100 1 _aMéndez Barredo, Liliana Hortencia.
_976473
245 1 0 _aCaracterización electrofisiológica del nervio sural de ratas expuestas con semillas de (Dioon edule Lindl.)
_c/por Liliana Hortencia Méndez Barredo
260 _aSan Luis Potosi, S.L.P. :
_bEl autor,
_c2011
300 _avii,39 h. :
_bilus.
502 _aTesis (M.C. en Ciencias Ambientales) -- UASLP. Facultad de Ciencias Químicas, Ingeniería y Medicina
590 _aALEPH
_b10
_c20130110
_lUCH01
_h1544
590 _aBATCH-UPD
_b10
_c20130110
_lUCH01
_h1057
590 _aBATCH-UPD
_b10
_c20130410
_lUCH01
_h0651
590 _aBATCH-UPD
_b10
_c20130914
_lUCH01
_h1207
590 _aCONVERSION
_b10
_c20130109
_lUCH01
_h1357
650 1 4 _aDioon edule.
_932648
650 1 4 _aElectrofisiología.
_936235
650 1 4 _aPalmas
_xSan Luis Potosí.
_984982
650 1 4 _aRatas.
_994728
901 _aBK
942 _cTESIS
949 _aTesis
_bBC
_cTES
_d33724002321702
_eTS1
_gDonaciØn
_h53251
_i114408
_sb
999 _c102747
_d102747